Well test analysis : the use of advanced interpretation models /

Guardado en:
Autor Principal: Bourdet, Dominique.
Formato: Libro
Idioma:English
Publicado: Amsterdam : Elsevier, 2002.
Edición:1st ed.
Series:Handbook of petroleum exploration and production, 3
Materias:
Etiquetas: Agregar Etiqueta
Sin Etiquetas, Sea el primero en etiquetar este registro!
LEADER 00934cam a22002774a 4500
001 EUN.eunm006291
005 20160310111323.0
008 020626s2002####ne#a#####b####001#0#eng##
010 |a  2002026548 
020 |a 0444549889 
020 |a 9780444549884 (ISBN-13) 
040 |a DLC  |c DLC  |d DLC 
050 0 0 |a TN871  |b .B54 2002 
082 0 0 |a 622/.3382  |2 21 
100 1 |a Bourdet, Dominique. 
245 1 0 |a Well test analysis :  |b the use of advanced interpretation models /  |c Dominique Bourdet. 
250 |a 1st ed. 
260 |a Amsterdam :  |b Elsevier,  |c 2002. 
300 |a xii, 426 p. :  |b il. ;  |c 25 cm. 
440 0 |a Handbook of petroleum exploration and production,  |x 1567-8032 ;  |v 3 
504 |a Incluye referencias bibliográficas ( p. 401-412) e índices. 
650 7 |a Petróleo.  |2 unbist 
650 7 |a Pozos petrolíferos.  |2 abne 
650 7 |a Pozos de gas.  |2 unbist 
653 |a Pruebas de pozos 
859 |a AR-BaUNS  |b PLAPIQUI   |p 125422/016